Anatomie de surface : Régions - Statistiques

Statistiques générales
  • Ce quiz a été pris 35 fois
  • Le résultat moyen est 7 sur 57
Statistiques - réponses
Hint Réponse % Correct
Tête: P Pariétale
78%
P Occipitale
74%
A Frontale
63%
P Temporale
63%
Jambes: A Hanche
19%
A Nasale
19%
P A Hypochondre
15%
A Talon
15%
A Cervicale antérieure
11%
A Cervicale latérale
11%
Cou: P Cervicale postérieure
11%
A DeltoÏde
11%
A Mammaire
11%
A Mentonnière
11%
A Orale
11%
A Pectorale
11%
P Anale
7%
A Antérieure de la cuisse ( fémorale antérieure )
7%
A Antérieure de la jambe
7%
A Antérieure de l'avant bras ( antébrachiale antérieure )
7%
A Antérieure du bras ( brachiale antérieure )
7%
A Antérieure du coude
7%
A Antérieure du genou
7%
Bras: A Axillaire
7%
P Calcanéenne
7%
P DeltoÏdienne
7%
P Dos de la main
7%
P Dos du pied
7%
A Du coude ( cubitale )
7%
A Epigastique
7%
P Glutéale ( fessière )
7%
A Hypogastrique
7%
Tronc: A Infra-claviculaire
7%
A Infra-mammaire
7%
P Infra-scapulaire
7%
P Lombaire ( lombale )
7%
A Ombilicale
7%
A Orbitaire
7%
A Palmaire
7%
P Pectorale latérale
7%
A Périnéale
7%
P Postérieur du genou
7%
P Postérieure de la cuisse ( fémorale postérieure )
7%
P Postérieure de la jambe
7%
P Postérieure de l'avant bras ( antébrachiale postérieure )
7%
P Postérieure du bras ( brachiale postérieur )
7%
P Postérieure du coude
7%
P Sacrée ( sacrale )
7%
P Scapulaire
7%
P A Sterno-cléido-mastoÏdienne
7%
P Supra-scapulaire
7%
A Thoracique latérale
7%
A Trigone fémoral
7%
P Vertébrale
7%
P Fosse poplitée
4%
A Inguinale
4%
A Présternale
4%
Aucun quiz correspondant
Distribution des résultats
% des personnes avec chaque résultat
Percentile par nombre de réponses
Votre historique - résultats
Vous n’avez pas pris ce quiz